000 00817nam a22002297a 4500
005 20110708093828.0
008 110708t xxu||||| |||| 00| 0 eng d
010 _aENG-102930
020 _c95.00
_a9788123761251
035 _aEN-86463
037 _bDBAD/PUB
040 _adpl
_bEnglish
100 _929042
245 _aGandhi-Nehru correspondence :
_cedited by Arjun Dev
_ba selection /
260 _aNew Delhi
_bNational Book Trust
_c2011
270 _aNehru Bhawan, 5 Institutional Area, Phase-II, Vasant Kunj
_bNew Delhi
_e110070
300 2 _axxxiv,242p.
_c22cm (pbk)
500 _aIncludes bibliographical references
700 _aArjun Dev
_929267
942 _2ddc
_cEN
_mGAN
999 _c53640
_d53640